| 000 | 01005nam a2200301 c 4500 | ||
|---|---|---|---|
| 003 | BLK | ||
| 005 | 20180421001040.0 | ||
| 008 | 180411b bul|||||r ||||||| ||bul|| | ||
| 010 | _aKNG00205389000 | ||
| 040 | _aBLK | ||
| 041 |
_aBUL _cBUL |
||
| 080 |
_aИталианска литература _b821.131.1 _x-31 _z821.131.1-31 |
||
| 100 | 1 |
_aПитигрили _eпърви автор _9110970 |
|
| 700 | 1 |
_aСегре, Дино _e* _9346635 |
|
| 139 |
_aПитигрили _bП 56 |
||
| 245 | 1 | 0 |
_a18-каратова девственица _bРоман _cПитигрили; * Дино Сегре. |
| 257 | _aITA | ||
| 260 |
_аСофия _bАнКо _c1991 |
||
| 300 |
_a168 с. _c20 см |
||
| 380 | _aX | ||
| 490 | 1 |
_aБиблиотека Амур _v1 |
|
| 500 | _aИстинското име на авт. е Дино Сегре. | ||
| 852 | _aЦб 165127 | ||
| 856 | 4 |
_qpdf _u |
|
| 856 | 4 |
_qpdf _u |
|
| 942 |
_cKNG _n0 |
||
| 944 |
_aCR _c21.04.2017 _kПравда_Бадева |
||
| 944 |
_aED _c21.04.2017 _kПравда_Бадева |
||
| 999 |
_c196125 _d196125 |
||